Drapeaux des pays bordant le Congo (RDC) - Statistiques

Statistiques générales
  • Ce quiz a été pris 305 fois
  • Le résultat moyen est 7 sur 9
Statistiques - réponses
Par images Réponse % Correct
République du Congo
95%
République Centrafricaine
82%
Angola
81%
Ouganda
79%
Tanzanie
78%
Rwanda
75%
Burundi
73%
Zambie
68%
Soudan du Sud
64%
Aucun quiz correspondant
Distribution des résultats
% des personnes avec chaque résultat
Percentile par nombre de réponses
Votre historique - résultats
Vous n’avez pas pris ce quiz